Celebrity - Mother Matching Quiz Stats

 Plays Quiz not verified by Sporcle

Support Sporcle.
Go Orange.
Score 0/25 Timer 05:00
0 Plays Today
% Correct
Carrie Fisher
81.9%
Beyoncé
75.3%
Billy Zane
50.3%
Madonna Louise Ciccone
47.1%
Jennifer Lopez
41.5%
Liv Tyler
23.3%
Michael Jackson
20.4%
Oprah Winfrey
19.3%
Leonardo DiCaprio
16.2%
Brad Pitt
15.1%
Jennifer Aniston
15%
Taylor Swift
15%
Kathy Bates
12.2%
% Correct
Harrison Ford
11.9%
George Clooney
11.6%
Tom Cruise
11.4%
Christopher Reeve
11.3%
Michael Bublé
11.3%
Kate Winslet
11.3%
Frances Fisher
9.9%
Tom Hanks
9.7%
Farrah Fawcett
9.4%
Will Smith
9.4%
Jennifer Garner
9.4%
Parker Stevenson
7.3%

You're not logged in!

Compare scores with friends on all Sporcle quizzes.
OR
Log In

From the Vault

Remove Ads.
Support Sporcle.
Get the best of Sporcle when you Go Orange. This ad-free experience offers more features, more stats, and more fun while also helping to support Sporcle. Thank you for becoming a member.

Show Comments

Extras

Top Quizzes Today


Score Distribution

Your Account Isn't Verified!

In order to create a playlist on Sporcle, you need to verify the email address you used during registration. Go to your Sporcle Settings to finish the process.

Report this User

Report this user for behavior that violates our Community Guidelines.

Details: